| 000 | 00977nam a2200217 i 4500 | ||
|---|---|---|---|
| 001 | 151084 | ||
| 003 | ES-MaACL | ||
| 005 | 20251011063140.0 | ||
| 007 | t| | ||
| 008 | 071205s1892 sp |||| | spa d | ||
| 100 | 0 |
_aPilares, Ramón Auñón y Villalón, _cMarqués de _992020 |
|
| 245 | 1 | 3 |
_aLa revolución de Buenos Aires en 1890 _b: conferencia dada en el Ateneo de Cádiz / _cpor Ramón Auñón y Villalón, el día 16 de abril de 1892. |
| 260 |
_aCádiz : _b[s.n.], _c1892 ( _fTip. de F. Rodríguez de Silva) |
||
| 300 |
_a40 p. : _b1 retr. ; _c22 cm. |
||
| 530 | _aDisponible en formato digital. | ||
| 651 | 4 |
_aArgentina- _xHistoria- _y1890, Revolución. _9150785 |
|
| 710 | 2 |
_aAteneo Literario, Artístico y Científico de Cádiz. _9148715 |
|
| 852 |
_aES-MaACL _jT-511-F-9 |
||
| 856 |
_uhttp://bibliotecadigitalhispanica.bne.es:80/webclient/DeliveryManager?pid=3041486&custom_att_2=simple_viewer _zBiblioteca Digital Hispánica |
||
| 999 |
_c151084 _d151084 |
||